00623cam a22002054a 4500001000800000003000400008005001700012008004100029040003100070041000800101044000700109080002100116100004500137245009200182260006700274300001400341650002300355650002000378650001900398YPZ9576YPZ20260304100451.0260304s1970 ag grb 001 0 spa d cSIUNPAaSIUNPAbspaeAACR2 aspa aag a355.49(82) D476m aDestefani, Laurio H., d1924-2017eautor aManual de historia naval argentinac/ por el Capitán de Navío Laurio H. Destéfani aBuenos Airesb: Dirección de Abastecimientos Navalesc, 1970 a166 p. :  aHISTORIA ARGENTINA aFUERZAS ARMADAS aHISTORIA NAVAL